WHO drug information; Vol.8(N.2)/1994
Đã lưu trong:
| 主要作者: | |
|---|---|
| 格式: | 图书 |
| 语言: | Undetermined |
| 出版: |
Geneva
WHO
1994
|
| 主题: | |
| 标签: |
添加标签
没有标签, 成为第一个标记此记录!
|
| Thư viện lưu trữ: | Trung tâm Học liệu Trường Đại học Cần Thơ |
|---|
| LEADER | 00476nam a2200181Ia 4500 | ||
|---|---|---|---|
| 001 | CTU_34552 | ||
| 008 | 210402s9999 xx 000 0 und d | ||
| 082 | |a 615.1 | ||
| 082 | |b W927d/Vol.8/N.2 | ||
| 100 | |a WHO | ||
| 245 | 0 | |a WHO drug information; Vol.8(N.2)/1994 | |
| 245 | 0 | |c WHO | |
| 260 | |a Geneva | ||
| 260 | |b WHO | ||
| 260 | |c 1994 | ||
| 650 | |a pharmacology | ||
| 904 | |i Nguyễn Quang Điền, 991210 | ||
| 980 | |a Trung tâm Học liệu Trường Đại học Cần Thơ | ||